000
00287nam a2200097Ia 4500
001
1111167
005
20250827003906.0
008
250824s9999 xx 000 0 und d
245
0
_a
SADRU'D-DİN-İ KONEVÎ HAYATI,ÇEVRESİ VE ESERLERİ
_c
MİKÂİL BAYRAM
260
_b
HİKMETEVİ YAYINLARI
999
_c
1111167
_d
1111167